|
|
|
|
| LEADER |
00000nab a2200000 a 4500 |
| 001 |
vtls011472950 |
| 003 |
SK-MaSNL |
| 005 |
20260303094119.0 |
| 008 |
160215 2016 xo m n 000 0 slo |
| 038 |
|
|
|a PPPK
|
| 040 |
|
|
|a PPPKCL
|b slo
|c PPPKCL
|e AACR2
|
| 041 |
|
|
|a slo
|
| 044 |
|
|
|a xo
|c SK
|
| 080 |
|
|
|a 796.323.2.093.42
|2 2001
|
| 245 |
0 |
0 |
|a Vertical Grand Tour
|c [autor] -at-
|
| 611 |
2 |
7 |
|a Zimná bežecká séria
|n (3. :
|d 2015-2016 :
|c Vysoké Tatry, Slovensko)
|p Vertical Grand Tour
|2 pppkcl
|9 1105924
|
| 611 |
2 |
7 |
|a Vertical Grand Tour
|n (5. :
|d 2016 :
|c Tatranská Lomnica, Slovensko)
|2 pppkcl
|9 1105925
|
| 648 |
|
7 |
|a 16.1.2016
|2 pppkcl
|9 1090278
|
| 650 |
0 |
7 |
|a beh
|2 pppkcl
|9 3281
|
| 650 |
0 |
7 |
|a bežecké preteky
|2 pppkcl
|9 31134
|
| 650 |
0 |
7 |
|a šport
|2 SNKPH
|9 1042
|
| 651 |
|
7 |
|a Tatranská Lomnica (Vysoké Tatry, Slovensko)
|2 SNKPHgeo
|9 160914
|
| 651 |
|
7 |
|a Vysoké Tatry (Slovensko : mesto)
|2 pppkcl
|9 176366
|
| 773 |
0 |
|
|t Chemosvit
|g Roč. 42, č. 2 (2016), s. 16
|x 1339-8679
|
| 852 |
|
|
|a PPPK
|b KIS3GCP
|
| 999 |
|
|
|c 1818921
|d 1820851
|